| 000 | 01483nam a2200253Ia 4500 | ||
|---|---|---|---|
| 999 |
_c53388 _d53388 |
||
| 001 | 20431 | ||
| 003 | GE_BSU | ||
| 005 | 20201209223533.0 | ||
| 008 | 181216s1960||||ge |||||||||||||| ||geo|| | ||
| 040 | _cGE_BSU | ||
| 041 | _ageo | ||
| 080 | _a811.353.1(072) ქ-27 | ||
| 245 |
_aქართული ენისა და ლიტერატურის სწავლების საკითხები სკოლაში : კრ. 10-11 : _bკრებული / _cრედ. მ.ჩინჩალაძე. |
||
| 264 |
_aთბილისი : _bცოდნა, _c1960. |
||
| 300 |
_a231 გვ. ; _c21 სმ. |
||
| 541 | _h86 თ. | ||
| 653 | _aქართული ენა | ||
| 653 | _aქართული ენის სწავლების მეთოდიკა | ||
| 653 | _a ქართული ლიტერატურის სწავლების მეთოდიკა | ||
| 653 | _aქართული ენისა და ლიტერატურის სწავლების საკითხები სკოლაში | ||
| 700 |
_aჩინჩალაძე, მ. _eრედაქტორი _99916 |
||
| 710 |
_aსაქართველოს სსრ განათლების სამინისტრო _bპედაგიურ მეცნიერებათა სამეცნიერო-საკვლევი ინსტიტუტი _99917 |
||
| 942 |
_cBK _2udc |
||